Vývoj iOS aplikácií pre iPhone

Gespeichert in:
Bibliographische Detailangaben
1. Verfasser: Čípel, Matej, 1989- (Verfasst von)
Weitere Verfasser: Ondriga, Martin, 1984- (Betreuung Doktorarbeit)
Format: Manuskript Buch
Sprache:Slowakisch
Veröffentlicht: Trnava : STU v Bratislave MTF UIAM, 2012
Schlagworte:
Online-Zugang:VAIS
Tags: Tag hinzufügen
Keine Tags, Fügen Sie das erste Tag hinzu!

MARC

LEADER 00000ntm a22000003a 4500
001 stu251055
005 20150617230200.8
008 120719s2012----xo------------------slo-d
040 |a STU  |b slo 
041 0 |a slo 
044 |a xo 
100 1 |a Čípel, Matej,  |d 1989-  |4 aut  |u M  |T MTF Materiálovotechnologická fakulta  |X 66088  |U M  |Y 60  |7 A000066088 
242 0 0 |a Development of iOS applications for iPhone  |y eng 
245 1 |a Vývoj iOS aplikácií pre iPhone 
260 |a Trnava :  |b STU v Bratislave MTF UIAM,  |c 2012 
300 |a 33 s 
650 7 |a aplikovaná informatika a automatizácia v priemysle  |2 stusub 
650 7 |a Applied Informatics and Automation in Industry  |2 estusub 
650 7 |a iPhone  |2 stusub 
700 1 |a Ondriga, Martin,  |d 1984-  |4 ths  |u M6000  |U MTF Materiálovotechnologická fakulta  |T MTF Ústav aplikovanej informatiky, automatizácie a matematiky  |X 32851  |U M6000  |Y 86  |7 A000032851 
856 4 |a info a plný text  |u http://is.stuba.sk/zp/portal_zp.pl?podrobnosti=66167  |3 VAIS 
996 |c M*BP-5878  |l MMSKP  |s P  |a 0  |w stu251055_0001